Cyril a Metod, politika i mýty kresťanskí misionári boli na Slovensku už pred príchodom bratov zo Solúna

Podrobná bibliografia
Hlavný autor: Uličianska, Zuzana, 1962- (Autor)
Médium: Článok
Jazyk:slovenčina
ISSN:1335-440X
Predmet:

MARC

LEADER 00000nab a2200000 ar4500
001 vtls009008577
003 SK-MaSNL
005 20260303065524.0
008 170412c2007 xo dr|p|||||||000 b|slo
015 |a SNBRB2007/07  |2 snkbucl 
038 |a SNKBUCL 
040 |a SNKBUCL  |b slo  |c SNKBUCL  |e AACR2 
041 |a slo 
044 |a xo  |c SK 
080 |a 94(437.6)-051"08"  |2 2001 
080 |a 94(437.6)"08"  |2 2001 
080 |a 930.85(437.6)"08"  |2 2001 
100 1 |a Uličianska, Zuzana,  |d 1962-  |4 aut  |9 103260 
245 1 0 |a Cyril a Metod, politika i mýty  |b kresťanskí misionári boli na Slovensku už pred príchodom bratov zo Solúna  |c Zuzana Uličianska 
500 |a Od 15.1.2007 návrat k pôvodnému vročeniu 
600 0 7 |a Cyril,  |c svätý,  |d 827-869  |2 snkbucl  |9 126082 
600 0 7 |a Metod,  |c svätý,  |d asi 815-885  |2 snkbucl  |9 162985 
650 0 7 |a cyrilo-metodská misia  |2 snkbucl  |9 69502 
773 0 |t Sme  |g Roč. 15, č. 153 (4.7.2007), s. 3  |x 1335-440X 
852 |a SNK  |b KIS3GCP 
958 |a SK 
999 |c 1751538  |d 1753468